| 000 | 00469cam a2200181ua 4500 | ||
|---|---|---|---|
| 020 | _c1295.00 | ||
| 041 |
_aeng _h |
||
| 082 |
_a620.3 _bKRY/ME |
||
| 100 | _aKrysinski, Tomasz . | ||
| 245 |
_aMechanical vibrations: active and passive control / _cTomasz Krysinski. _hTextual Documents |
||
| 260 |
_a : _bISTE , _c2007. |
||
| 300 | _a366 ; . | ||
| 365 | _a1295.00 | ||
| 504 | _a | ||
| 700 | 1 | _aMalburet, Francois . | |
| 942 | _cBK | ||
| 999 |
_c13207 _d13207 |
||